[Event "Witwatersrand USSA Cup"]
[Site "Witwatersrand"]
[Date "2015.04.25"]
[Round "5"]
[White "Mnguni, Jacob Dumisani"]
[Black "Beekrum, Rahul"]
[Result "1-0"]
[WhiteElo "1941"]
[BlackElo "1646"]
[PlyCount "57"]
[EventDate "2015.04.23"]
[EventType "tourn"]
[EventRounds "9"]
[EventCountry "RSA"]
[SourceTitle "EXT 2016"]
[Source "ChessBase"]
[SourceDate "2015.10.08"]
[SourceVersion "1"]
[SourceVersionDate "2015.10.08"]
[SourceQuality "1"]

1. c4 e5 2. Nc3 Nf6 3. Nf3 Nc6 4. g3 d5 5. cxd5 Nxd5 6. d3 Be7 7. Bg2 Be6 8. 0-0 0-0 9. Bd2 Qd7 10. Re1 h6 11. a3 a5 12. Rc1 f5 13. Qc2 f4 14. Ne4 fxg3 15. hxg3 Nd4 16. Nxd4 exd4 17. Nc5 Qc6 18. Nxe6 Qxe6 19. Qb3 Rad8 20. Qxb7 Qf5 21. Rf1 Nf6 22. Rxc7 Rd7 23. Rxd7 Nxd7 24. Qd5+ Qxd5 25. Bxd5+ Kh8 26. Rc1 Nb6 27. Bc6 a4 28. Ba5 Rb8 29. Rc2 1-0

[Event "Witwatersrand USSA Cup"]
[Site "Witwatersrand"]
[Date "2015.04.24"]
[Round "4"]
[White "Beekrum, Rahul"]
[Black "Lekgau, Mothupi"]
[Result "0-1"]
[WhiteElo "1646"]
[BlackElo "1883"]
[PlyCount "108"]
[EventDate "2015.04.23"]
[EventType "tourn"]
[EventRounds "9"]
[EventCountry "RSA"]
[SourceTitle "EXT 2016"]
[Source "ChessBase"]
[SourceDate "2015.10.08"]
[SourceVersion "1"]
[SourceVersionDate "2015.10.08"]
[SourceQuality "1"]

1. e4 e5 2. Nf3 Nf6 3. Nc3 Nc6 4. Bc4 Bc5 5. 0-0 d6 6. h3 0-0 7. d3 Be6 8. Bb3 h6 9. Be3 Nd4 10. Bxd4 Bxd4 11. Nxd4 exd4 12. Ne2 c5 13. f4 Re8 14. f5 Bxb3 15. axb3 d5 16. Ng3 dxe4 17. dxe4 Nxe4 18. Nxe4 Rxe4 19. Qf3 Qe8 20. f6 g6 21. Qg3 Qe5 22. Qxe5 Rxe5 23. Rfe1 Re6 24. g4 Rxf6 25. Re7 b6 26. Raxa7 Rxa7 27. Rxa7 Rf3 28. Rb7 Rxh3 29. Rxb6 Rg3+ 30. Kf2 Rxg4 31. b4 cxb4 32. Rxb4 h5 33. Ra4 Kg7 34. b4 Rf4+ 35. Kg2 Rf6 36. b5 Rb6 37. Ra5 g5 38. Kf3 Re6 39. Ra4 Re3+ 40. Kf2 Rc3 41. Ra2 d3 42. cxd3 Rxd3 43. Rb2 Rd7 44. b6 Rb7 45. Ke3 h4 46. Kd4 g4 47. Ke5 g3 48. Kf4 f5 49. Rg2 Kg6 50. Rb2 Kf6 51. Rb1 Rb8 52. b7 g2 53. Kf3 Rxb7 54. Rg1 Rg7 0-1